Beatles Songs - Sudden Death - Statistics

General Stats
  • This quiz has been taken 111 times
    74 since last reset
  • The average score is 16 of 21
Answers on the Grid
Answers color-coded by a green-red scale on the quiz's grid according to % correct below.
In My Life
Love Me Do
Baby You're A Rich Man
Golden Slumbers
Ain't She Sweet
And I Love Her
The Long And Winding Road
Paint It Black
Maxwell's Silver Hammer
Free As A Bird
From Me To You
I Want To Kiss Your Hand
Octopus's Garden
All My Loving
Barbara Ann
I'm Alive
The Price Of Love
You Never Give Me Your Money
Something
Bluebirds Over The Mountain
Carry The Weight
Run To Me
Sun King
She's Leaving Home
Let It Be
Taxman
Blackbird
Red Red Wine
I'm Into Something Good
Help
 
Answer Stats
Answer % Correct
Love Me Do
95%
Let It Be
94%
And I Love Her
89%
Help
89%
Octopus's Garden
85%
Blackbird
84%
All My Loving
82%
Something
82%
In My Life
81%
The Long And Winding Road
81%
From Me To You
76%
Maxwell's Silver Hammer
73%
Taxman
73%
Golden Slumbers
68%
Baby You're A Rich Man
63%
Free As A Bird
63%
You Never Give Me Your Money
61%
She's Leaving Home
58%
Sun King
56%
Carry The Weight
55%
Ain't She Sweet
45%
No matching quizzes found
Score Distribution
Percent of People with Each Score
Percentile by Number Answered
Your Score History
You have not taken this quiz since the last reset